Kuatro [juego] /

Guardado en:
Formato: Objeto Físico
Publicado: Argentina : Top Toys juguetes, [199?]
Materias:
Etiquetas: Agregar Etiqueta
Sin Etiquetas, Sea el primero en etiquetar este registro!
LEADER 00746nrm a22001575g 4500
001 CEM.cems019339
008 130507b199?##################0###0#####d
005 20220830161017.0
003 CEMS
245 0 0 |a Kuatro [juego] /  |c Top Toys 
260 |a Argentina :  |b Top Toys juguetes,  |c [199?] 
300 |a 1 juego (1 base plástica, 64 bolitas en dos colores-perforadas, 17 palitos plásticos) ; en caja 38 x 24 x 5 cm. + manual de instrucciones. 
500 |a Para 2 a 4 jugadores a partir de 6 años objetivo: ubicar cuatro bolitas en lí­nea recta, horizontal, vertical o diagonal, todas en un nivel o en cada uno de los cuatro posibles. 
082 0 4 |a J794 
653 |a 1. juegos de estrategia tradicional 
859 |a CEMS  |b BIB. CEMS - Ludoteca  |h J794  |i T62  |p 130.97  |t Ej.1